| 000 | 00734nam a2200205Ia 4500 | ||
|---|---|---|---|
| 005 | 20260121110145.0 | ||
| 008 | 008 260114s9999 xx 000 0 hin d | ||
| 020 | _a9788132354833 | ||
| 037 | _aEBOOK | ||
| 040 |
_aCRL _bhin _cCRL |
||
| 041 |
_ahin _2hin |
||
| 084 | _qCRL | ||
| 100 |
_aशिप्रा सिंह / Shipra Singh _9942736 |
||
| 245 | 0 | _aरीतिकाल: विभिन्न धाराएँ तथा प्रवृत्तियाँ / Ritikāl: Vividha Dhaaraayein aur Pravritiyan | |
| 260 |
_bभाषा प्रकाशन / Bhasha Prakashan _c2021 |
||
| 856 | _uhttps://bhashaprakashan.com/product-details/378620 | ||
| 942 | _cEBOOK | ||
| 999 |
_c1534401 _d1534401 |
||